Wandsworth LBC v Railtrack plc (Record no. 66411)

MARC details
000 -LEADER
fixed length control field 01238cam a2200241 4500
001 - CONTROL NUMBER
control field ABS63742
008 - FIXED-LENGTH DATA ELEMENTS--GENERAL INFORMATION
fixed length control field 000000n2001 000 0 eng u
035 ## - SYSTEM CONTROL NUMBER
System control number (Sirsi) u111455
245 ## - TITLE STATEMENT
Title Wandsworth LBC v Railtrack plc
260 ## - PUBLICATION, DISTRIBUTION, ETC.
Date of publication, distribution, etc. 2001
490 ## - SERIES STATEMENT
Series statement Weekly Law Reports
Volume/sequential designation [2001] 1 WLR, 23 February 2001, 368-386(19)
520 ## - SUMMARY, ETC.
Summary, etc. QBD 31 July 2000. Inconvenience was caused to pedestrians by pigeons, roosting under a railway bridge, who fouled the pavement below. The highway authority (B) incurred escalating costs through cleaning the pavement. B had permission to pigeon-proof the bridge but claimed the responsibility lay with A. In court proposed B was liable to them in public and/or private nuisance, and claimed reimbursement for cleaning costs. "Held", allowing the claim, that the pigeon infestation represented a public nuisance. Ruled there was no difference between nuisances involving physical damage and those interfering with comfort and inconvenience.
590 ## - LOCAL NOTE (RLIN)
Local note ABS
650 ## - SUBJECT ADDED ENTRY--TOPICAL TERM
Topical term or geographic name entry element WANDSWORTH LBC V RAILTRACK PLC
650 ## - SUBJECT ADDED ENTRY--TOPICAL TERM
Topical term or geographic name entry element NUISANCE
650 ## - SUBJECT ADDED ENTRY--TOPICAL TERM
Topical term or geographic name entry element PUBLIC NUISANCE
650 ## - SUBJECT ADDED ENTRY--TOPICAL TERM
Topical term or geographic name entry element PRIVATE NUISANCE
650 ## - SUBJECT ADDED ENTRY--TOPICAL TERM
Topical term or geographic name entry element PIGEONS
650 ## - SUBJECT ADDED ENTRY--TOPICAL TERM
Topical term or geographic name entry element BRIDGES
650 ## - SUBJECT ADDED ENTRY--TOPICAL TERM
Topical term or geographic name entry element ABATEMENT
690 ## - LOCAL SUBJECT ADDED ENTRY--TOPICAL TERM (OCLC, RLIN)
Topical term or geographic name as entry element LAW
942 ## - ADDED ENTRY ELEMENTS (KOHA)
Suppress in OPAC 0
Holdings
Withdrawn status Lost status Source of classification or shelving scheme Damaged status Not for loan Home library Current library Shelving location Date acquired Total Checkouts Full call number Barcode Date last seen Copy number Price effective from Koha item type
    Dewey Decimal Classification     London London Journal article 16/03/2001   ABS63742 111455-1001 06/08/2019 1 06/08/2019 Law report